<?xml version="1.0" encoding="UTF-8"?>
<record
    xmlns:xsi="http://www.w3.org/2001/XMLSchema-instance"
    xsi:schemaLocation="http://www.loc.gov/MARC21/slim http://www.loc.gov/standards/marcxml/schema/MARC21slim.xsd"
    xmlns="http://www.loc.gov/MARC21/slim">

  <leader>02908aam a2200361 a 4500</leader>
  <controlfield tag="001">2161184</controlfield>
  <controlfield tag="003">000035</controlfield>
  <controlfield tag="005">20220326193245.0</controlfield>
  <controlfield tag="008">980327s1998    nyu      b    001 0 eng d</controlfield>
  <datafield tag="010" ind1=" " ind2=" ">
    <subfield code="a">   98070100 </subfield>
  </datafield>
  <datafield tag="020" ind1=" " ind2=" ">
    <subfield code="a">1880559900</subfield>
  </datafield>
  <datafield tag="035" ind1=" " ind2=" ">
    <subfield code="a">(OCoLC)38963416</subfield>
  </datafield>
  <datafield tag="035" ind1=" " ind2=" ">
    <subfield code="a">(NNC)2161184</subfield>
  </datafield>
  <datafield tag="040" ind1=" " ind2=" ">
    <subfield code="a">CL</subfield>
    <subfield code="c">CL</subfield>
    <subfield code="d">DLC</subfield>
    <subfield code="d">OrLoB-B</subfield>
  </datafield>
  <datafield tag="042" ind1=" " ind2=" ">
    <subfield code="a">lccopycat</subfield>
  </datafield>
  <datafield tag="050" ind1="0" ind2="0">
    <subfield code="a">BH201</subfield>
    <subfield code="b">.U53 1998</subfield>
  </datafield>
  <datafield tag="082" ind1="0" ind2="0">
    <subfield code="a">111/.85</subfield>
    <subfield code="b">B397u</subfield>
    <subfield code="2">21</subfield>
  </datafield>
  <datafield tag="100" ind1=" " ind2=" ">
    <subfield code="a">Beckley, Bill </subfield>
    <subfield code="9">6939</subfield>
  </datafield>
  <datafield tag="245" ind1="0" ind2="0">
    <subfield code="a">Uncontrollable beauty:</subfield>
    <subfield code="b">towards a new aesthetics /</subfield>
    <subfield code="c">edited by Bill Beckley with David Shapiro.</subfield>
  </datafield>
  <datafield tag="260" ind1=" " ind2=" ">
    <subfield code="a">New York :</subfield>
    <subfield code="b">Allworth Press :</subfield>
    <subfield code="b">School of Visual Arts,</subfield>
    <subfield code="c">c1998.</subfield>
  </datafield>
  <datafield tag="300" ind1=" " ind2=" ">
    <subfield code="a">xxiv, 423 p. ;</subfield>
    <subfield code="c">24 cm.</subfield>
  </datafield>
  <datafield tag="490" ind1="1" ind2=" ">
    <subfield code="a">Aesthetics today</subfield>
  </datafield>
  <datafield tag="504" ind1=" " ind2=" ">
    <subfield code="a">Includes bibliographical references and index.</subfield>
  </datafield>
  <datafield tag="505" ind1="0" ind2="0">
    <subfield code="t">Introduction: Generosity and the Black Swan /</subfield>
    <subfield code="r">Bill Beckley --</subfield>
    <subfield code="t">Preface /</subfield>
    <subfield code="r">David Shapiro --</subfield>
    <subfield code="t">Le Livre est sur la table /</subfield>
    <subfield code="r">John Ashbery --</subfield>
    <subfield code="t">On Perfection, Coherence, and Unity of Form and Content /</subfield>
    <subfield code="r">Meyer Schapiro --</subfield>
    <subfield code="t">Enter the Dragon: On the Vernacular of Beauty /</subfield>
    <subfield code="r">Dave Hickey --</subfield>
    <subfield code="t">Beauty and Morality /</subfield>
    <subfield code="r">Arthur C. Danto --</subfield>
    <subfield code="t">Beauty and the Contemporary Sublime /</subfield>
    <subfield code="r">Jeremy Gilbert-Rolfe --</subfield>
    <subfield code="t">Notes on Beauty /</subfield>
    <subfield code="r">Peter Schjeldahl --</subfield>
    <subfield code="t">Contratemplates /</subfield>
    <subfield code="r">Marjorie Welish --</subfield>
    <subfield code="t">A Sign of Beauty /</subfield>
    <subfield code="r">Robert C. Morgan --</subfield>
    <subfield code="t">On Platonic Cosmetics /</subfield>
    <subfield code="r">Jacqueline Lichtenstein --</subfield>
    <subfield code="t">Freud with Kant? The Enigma of Pleasure /</subfield>
    <subfield code="r">Hubert Damisch --</subfield>
    <subfield code="t">Arousal by Image /</subfield>
    <subfield code="r">David Freedberg --</subfield>
    <subfield code="t">Doctor Lawyer Indian Chief: "Primitivism" in Twentieth-Century Art at the Museum of Modern Art in 1984 /</subfield>
    <subfield code="r">Thomas McEvilley --</subfield>
    <subfield code="t">On "Doctor Lawyer Indian Chief: 'Primitivism' in Twentieth-Century Art at the Museum of Modern Art in 1984" /</subfield>
    <subfield code="r">William Rubin, Kirk Varnedoe and Thomas McEvilley --</subfield>
  </datafield>
  <datafield tag="505" ind1="8" ind2="0">
    <subfield code="t">On "Doctor Lawyer Indian Chief": Part II /</subfield>
    <subfield code="r">William Rubin and Thomas McEvilley --</subfield>
    <subfield code="t">On the Claims and Critics of the "Primitivism" Show /</subfield>
    <subfield code="r">Kirk Varnedoe --</subfield>
    <subfield code="t">The Practice of Beauty /</subfield>
    <subfield code="r">James Hillman --</subfield>
    <subfield code="t">Ode to Willem de Kooning /</subfield>
    <subfield code="r">Frank O'Hara --</subfield>
    <subfield code="t">Venus Unveiled: De Kooning's Melodrama of Vulgarity /</subfield>
    <subfield code="r">Donald Kuspit --</subfield>
    <subfield code="t">The Mind and Body of the Dreamer /</subfield>
    <subfield code="r">John Yau --</subfield>
    <subfield code="t">Mondrian's Secret /</subfield>
    <subfield code="r">David Shapiro --</subfield>
    <subfield code="t">A Conversation between Julia Kristeva and Ariane Lopez-Huici /</subfield>
    <subfield code="r">Julia Kristeva and Ariane Lopez-Huici --</subfield>
    <subfield code="t">Sunday Afternoons: A Conversation and a Remark on Beauty /</subfield>
    <subfield code="r">Louise Bourgeois --</subfield>
    <subfield code="t">Sentences on the House and Other Sentences /</subfield>
    <subfield code="r">John Hejduk --</subfield>
    <subfield code="t">Aunts /</subfield>
    <subfield code="r">Max Fierst --</subfield>
    <subfield code="t">On Beauty /</subfield>
    <subfield code="r">Kenneth Koch --</subfield>
    <subfield code="t">An Aesthetic of the Cool /</subfield>
    <subfield code="r">Robert Farris Thompson --</subfield>
    <subfield code="t">The Violet Hour: An Essay on Beauty /</subfield>
    <subfield code="r">Carter Ratcliff --</subfield>
    <subfield code="t">Beauty Is the Mystery of Life /</subfield>
    <subfield code="r">Agnes Martin.</subfield>
  </datafield>
  <datafield tag="650" ind1=" " ind2="0">
    <subfield code="a">Aesthetics, Modern</subfield>
    <subfield code="y">20th century.</subfield>
    <subfield code="9">13</subfield>
  </datafield>
  <datafield tag="650" ind1=" " ind2="0">
    <subfield code="a">Art criticism.</subfield>
    <subfield code="9">14</subfield>
  </datafield>
  <datafield tag="700" ind1="1" ind2=" ">
    <subfield code="a">Beckley, Bill,</subfield>
    <subfield code="d">1946-</subfield>
    <subfield code="9">15</subfield>
  </datafield>
  <datafield tag="700" ind1="1" ind2=" ">
    <subfield code="a">Shapiro, David,</subfield>
    <subfield code="d">1947-</subfield>
    <subfield code="9">16</subfield>
  </datafield>
  <datafield tag="800" ind1=" " ind2=" ">
    <subfield code="a">Shapiro, David</subfield>
    <subfield code="9">6940</subfield>
  </datafield>
  <datafield tag="830" ind1=" " ind2="0">
    <subfield code="a">Aesthetics today.</subfield>
    <subfield code="9">17</subfield>
  </datafield>
  <datafield tag="900" ind1=" " ind2=" ">
    <subfield code="b">TOC</subfield>
  </datafield>
  <datafield tag="999" ind1=" " ind2=" ">
    <subfield code="c">7</subfield>
    <subfield code="d">7</subfield>
  </datafield>
  <datafield tag="952" ind1=" " ind2=" ">
    <subfield code="0">0</subfield>
    <subfield code="1">0</subfield>
    <subfield code="2">ddc</subfield>
    <subfield code="4">0</subfield>
    <subfield code="7">0</subfield>
    <subfield code="a">LV</subfield>
    <subfield code="b">LV</subfield>
    <subfield code="c">Pensamiento</subfield>
    <subfield code="d">2014-02-12</subfield>
    <subfield code="l">1</subfield>
    <subfield code="o">111/.85 B397u</subfield>
    <subfield code="p">000035</subfield>
    <subfield code="r">2019-04-10 00:00:00</subfield>
    <subfield code="s">2019-03-13</subfield>
    <subfield code="w">2014-02-12</subfield>
    <subfield code="y">01</subfield>
  </datafield>
</record>
